International Queens on RuPaul's Drag Race - Statistics

General Stats
  • This quiz has been taken 1,455 times
    20 since last reset
  • The average score is 49 of 98
Answer Stats
SEASON QUEENS % Correct
USA 1 BeBe Zahara Benet
100%
USA 6 Courtney Act
87%
USA 11 Brooke Lynn Hytes
80%
USA 14 Lady Camden
80%
USA 12 Nicky Doll
80%
USA 11 Plastique Tiara
80%
USA 11 Soju
80%
USA 10 Yuhua Hamasaki
80%
USA 15 Aura Mayari
73%
UK 1 Crystal
73%
USA 16 Geneva Karr
73%
USA 12 Jackie Cox
73%
USA 11 Mercedes Iman Diamond
73%
USA 1 Ongina
73%
USA 5 Serena ChaCha
73%
CANADA 1 Anastarzia Anaquway
67%
CANADA 3 Halal Bae
67%
USA 4 Jiggly Caliente
67%
USA 2 Morgan McMichaels
67%
UK 6 Rileasa Slaves
67%
USA 13 Rosé
67%
USA 6 Vivacious
67%
CANADA 3 Bombae
60%
UK 5 Cara Melle
60%
UK 3 Choriza May
60%
HOLLAND 1 Envy Peru
60%
FRANCE 1 La Kahena
60%
FRANCE 2 Moon
60%
GERMANY 1 Tessa Testicle
60%
USA 16 Xunami Muse
60%
UK 6 Zahirah Zapanta
60%
CANADA 2 Adriana
53%
UK 5 Alexis Saint-Pete
53%
DOWN UNDER 3 Amyl
53%
GERMANY 1 Barbie Q
53%
UK 4 Black Peppa
53%
DOWN UNDER 3 Flor
53%
SVERIGE 1 Fontana
53%
CANADA 3 Jada Shada Hudson
53%
UK 6 Kiki Snatch
53%
CANADA 1 Kyne
53%
FRANCE 1 Lolita Banana
53%
FRANCE 2 Mami Watta
53%
GERMANY 1 Metamorkid
53%
CANADA 5 Minhi Wang
53%
CANADA 2 Océane Aqua-Black
53%
GERMANY 1 Pandora Nox
53%
CANADA 2 Pythia
53%
UK 6 Saki Yew
53%
UK 4 Starlet
53%
CANADA 2 Stephanie Prince
53%
CANADA 1 Tynomi Banks
53%
DOWN UNDER 1 Anita Wigl'it
47%
CANADA 4 Kiki Coe
47%
FRANCE 3 Le Filip
47%
USA 17 Lucky Starzzz
47%
BELGIQUE 2 Madame Yoko
47%
HOLLAND 1 Miss Abby OMG
47%
USA 16 Morphine Love Dion
47%
DOWN UNDER 4 Nikita Iman
47%
FRANCE 3 Perseo
47%
CANADA 4 The Girlfriend Experience
47%
HOLLAND 2 Vanessa Van Cartier
47%
CANADA 4 Aimee Yonce Shennel
40%
UK 7 Bonnie Ann Clyde
40%
USA 18 Briar Blush
40%
DOWN UNDER 1 Elektra Shock
40%
DOWN UNDER 4 Freya Armani
40%
DOWN UNDER 3 Hollywould Star
40%
ESPAÑA 1 Inti
40%
GERMANY 1 Kelly Heelton
40%
CANADA 3 Kimmy Couture
40%
HOLLAND 2 Love Masisi
40%
CANADA 4 Luna DuBois
40%
GERMANY 1 Victoria Shakespears
40%
FRANCE 2 Cookie Kunty
33%
ESPAÑA 2 Diamante Merybrown
33%
BELGIQUE 2 Gabanna
33%
THAILAND 2 Genie
33%
ESPAÑA 5 Krystal Forever
33%
ESPAÑA 3 Maria Edilia
33%
ITALIA 3 Melissa Bianchini
33%
BELGIQUE 1 Mocca Bone
33%
HOLLAND 1 Sederginne
33%
ITALIA 3 Vezirja
33%
ESPAÑA 3 Visa
33%
ITALIA 3 Adriana Picasso
27%
BELGIQUE 1 Brittany Von Bottoks
27%
MÉXICO 2 Elektra Vandergeld
27%
ITALIA 2 Gioffré
27%
ESPAÑA 4 Mariana Stars
27%
THAILAND 2 Mocha Diva
27%
PHILIPPINES 1 Gigi Era
20%
THAILAND 1 JAJA
20%
PHILIPPINES 3 John Fedellaga
20%
THAILAND 3 Siam Phusri
20%
THAILAND 2 Vanda Miss Joaquim
20%
PHILIPPINES 2 Veruschka Levels
20%
No matching quizzes found
Score Distribution
Percent of People with Each Score
Percentile by Number Answered
Your Score History
You have not taken this quiz since the last reset